| 000 | 00566nam a22001817a 4500 | ||
|---|---|---|---|
| 005 | 20231128094241.0 | ||
| 008 | 231128b |||||||| |||| 00| 0 eng d | ||
| 020 | _a9780409118100 ; 9780409118117 | ||
| 041 | _aEnglish | ||
| 082 | _a341.1 ADE | ||
| 100 |
_aAdem, DT _lEnglish |
||
| 245 |
_aUltra Vires and New Grounds for Judicial Review / _cDT Adem |
||
| 250 | _aFirst Edition | ||
| 260 |
_aDurban : _bLexisNexis (Pty) Ltd, _c2013 |
||
| 300 |
_bxvi, 199 pages ; _c25 cm. |
||
| 650 |
_aLegal practice _bLaw |
||
| 942 |
_cBK _6ALISON_BN_VRIES |
||
| 999 |
_c997 _d997 |
||